000 00809nab a2200253 u 4500
001 07513
003 HDC
007 cr bn ---aaaaa
008 210127c mydr|nes 0 a may d
040 _aHDC
245 0 _aCompanies push halal products beyond food
260 _aKuala Lumpur :
_b NEW STRAITS TIMES,
_c2016
300 _aB10 page
336 _atext
_2rdacontent
337 _acomputer
_2rdamedia
338 _aonline resource
_2rdacarrier
650 _aBusiness industry
_96119
650 _aE-commerce industry
_97673
650 _aHalal products
_9642
856 _zRequest full-text at [email protected]
942 _2lcc
942 _cNEWS
942 _kNWSC 001142
999 _c4836
_d4836